INPROFORUM 2025 19th International Scientific Conference INPROFORUM : Economy Under Pressure

Salvato in:
Dettagli Bibliografici
Ente Autore: INPROFORUM 2025. International Scientific Conference
Altri autori: Bergami, Roberto, Březinová, Monika
Natura: Libro
Lingua:inglese
Pubblicazione: České Budějovice University of South Bohemia in České Budějovice, Faculty of Economics 2025
Edizione:1st Edition
Soggetti:
Tags: Aggiungi Tag
Nessun Tag, puoi essere il primo ad aggiungerne!!

MARC

LEADER 00000nlm a2200000 4500
001 0314681
005 20260202132433.8
020 |a 978-80-7694-143-4 
022 |a 2336-6788 
041 0 |a eng 
044 |a CZ 
245 1 0 |a INPROFORUM 2025  |b 19th International Scientific Conference INPROFORUM : Economy Under Pressure  |c Reviewers: Roberto Bergami, Monika Březinová ... [et al.] 
250 |a 1st Edition 
264 1 |a České Budějovice  |b University of South Bohemia in České Budějovice, Faculty of Economics  |c 2025 
300 |a 375 s. 
610 2 0 |a podnikanie 
610 2 0 |a prostredie podnikateľské 
610 2 0 |a rozvoj trvalo udržateľný 
610 2 0 |a udržateľnosť 
610 2 0 |a obchod 
610 2 0 |a marketing 
610 2 0 |a ruch cestovný 
700 1 |a Bergami, Roberto 
700 1 |a Březinová, Monika 
110 2 |a INPROFORUM 2025. International Scientific Conference